[Event "Sodingen 2- Gerthe"]
[Site "?"]
[Date "2024.02.18"]
[Round "6.6"]
[White "Schriewer, Thomas"]
[Black "Loeffelbein, Klaus"]
[Result "0-1"]
[WhiteElo "1874"]
[BlackElo "1760"]
[Annotator "daniel"]
[PlyCount "72"]
[SourceDate "2024.03.03"]

1. d4 Nf6 2. Nf3 e6 3. c4 b6 4. a3 Bb7 5. Nc3 Be7 6. d5 O-O 7. e4 d6 8. Bd3 e5
9. O-O Nbd7 10. Ne1 Nc5 11. Bc2 a5 12. b3 c6 13. Be3 cxd5 14. exd5 Bc8 15. f3
Nfd7 16. Nd3 f5 17. b4 axb4 18. axb4 Rxa1 19. Qxa1 Nxd3 20. Bxd3 Bg5 21. Bxg5
Qxg5 22. Qc1 Qf6 23. Nb5 Qe7 $11 24. Rf2 h6 25. Qb1 Nf6 26. Re2 Nh5 27. g3 Qf6
28. Rf2 Rd8 29. Qc1 Bd7 30. Nc7 Rc8 31. Ne6 Kh8 32. g4 Bxe6 33. dxe6 Nf4 34.
Rd2 fxg4 35. fxg4 Nxd3 36. Rxd3 Qxe6 0-1

[Event "Sodingen 2- Gerthe"]
[Site "?"]
[Date "2024.02.18"]
[Round "6.7"]
[White "Boost, Juergen"]
[Black "Lucke, Thomas"]
[Result "1/2-1/2"]
[WhiteElo "1797"]
[BlackElo "1883"]
[PlyCount "50"]
[SourceDate "2024.03.03"]

1. e4 c6 2. d4 d5 3. Nc3 dxe4 4. Nxe4 Bf5 5. Ng3 Bg6 6. Nf3 e6 7. h4 h6 8. h5
Bh7 9. Bd3 Bxd3 10. Qxd3 Nf6 11. Bd2 Nbd7 12. Ne4 Qc7 13. O-O-O O-O-O 14. Qe2
Nxe4 15. Qxe4 Nf6 16. Qe2 Bd6 17. g3 Rhe8 18. Ne5 Bf8 19. Rh4 Bd6 20. c4 Rf8
21. Bc3 Bxe5 22. dxe5 Rxd1+ 23. Kxd1 Rd8+ 24. Kc2 Ne8 25. Rd4 Rxd4 1/2-1/2

[Event "Sodingen 2- Gerthe"]
[Site "?"]
[Date "2024.02.18"]
[Round "6.8"]
[White "Panofen, Ingo"]
[Black "Al Zoubi, Ahmad"]
[Result "0-1"]
[WhiteElo "1901"]
[BlackElo "1636"]
[PlyCount "106"]
[SourceDate "2024.03.03"]

1. d4 Nf6 2. Nf3 g6 3. c4 Bg7 4. Nc3 O-O 5. e4 d6 6. Be2 Nbd7 7. O-O c5 8. d5
Ng4 9. Ne1 Nh6 10. Be3 f5 11. Nd3 Nb6 12. Qc1 Nf7 13. exf5 Bxf5 14. b3 Qd7 15.
Qd2 Rae8 16. Rad1 Na8 17. Rfe1 a6 18. f4 b5 19. Nf2 b4 20. Nce4 Nc7 21. g4 Bxe4
22. Nxe4 Rd8 23. Rf1 e6 24. dxe6 Qxe6 25. Bf3 Rfe8 26. Bf2 Qe7 27. Ng3 Bc3 28.
Qc2 Qf6 29. Qc1 Ng5 30. Bd5+ Nf7 31. Ne4 Qg7 32. Bxf7+ Qxf7 33. Nxd6 Qe6 34.
Nxe8 Qxg4+ 35. Bg3 Rxe8 36. Kh1 Re2 37. Rd8+ Kg7 38. Qd1 Ne6 39. Rd7+ Kh6 40.
Qd5 Qh3 41. Qf3 Rxa2 42. Rfd1 a5 43. Qb7 Ng7 44. f5 Qxf5 45. Rf7 Qg4 46. Rg1
Ra1 47. Bf4+ g5 48. Qc6+ Kh5 49. Bc1 Qh4 50. Qf3+ Kg6 51. Rd7 Be5 52. Qf7+ Kh6
53. Re7 Qxh2# 0-1

[Event "Hamm- Linden"]
[Site "?"]
[Date "2024.02.18"]
[Round "6.1"]
[White "Hahn, Matthias"]
[Black "Ackermann, Hans Werner"]
[Result "1/2-1/2"]
[WhiteElo "2110"]
[BlackElo "2167"]
[PlyCount "46"]
[SourceDate "2024.03.03"]

1. d4 Nf6 2. Nf3 e6 3. g3 d5 4. Bg2 Be7 5. c4 O-O 6. O-O dxc4 7. Ne5 c5 8. dxc5
Qc7 9. Nxc4 Bxc5 10. b3 Nc6 11. Bb2 a6 12. e3 Rd8 13. Qe2 Nd5 14. Nc3 Qe7 15.
Rfd1 Nxc3 16. Bxc3 Bd7 17. Na5 Be8 18. Nxc6 Bxc6 19. Bxc6 bxc6 20. Rxd8+ Qxd8
21. Rc1 Qd5 22. e4 Qd6 23. Qc4 Ba3 1/2-1/2

[Event "Hamm- Linden"]
[Site "?"]
[Date "2024.02.18"]
[Round "6.2"]
[White "Spyrou, Emmanouil"]
[Black "Boehm, Ingo"]
[Result "1-0"]
[WhiteElo "2152"]
[BlackElo "2081"]
[PlyCount "85"]
[SourceDate "2024.03.03"]

1. d4 g6 2. c4 Bg7 3. Nc3 d6 4. e4 e5 5. Nf3 Nc6 6. Bg5 f6 7. Be3 Nh6 8. dxe5
Nxe5 9. Nxe5 fxe5 10. Be2 Nf7 11. Qd2 c6 12. O-O-O Qa5 13. Kb1 Be6 14. h4 O-O-O
15. h5 Kb8 16. g4 Bf6 17. g5 Be7 18. a3 a6 19. Qc1 b5 20. b4 Qc7 21. cxb5 axb5
22. Qd2 Qb7 23. Kb2 gxh5 24. Rxh5 d5 25. exd5 cxd5 26. Bc5 d4 27. Nb1 Nd6 28.
Rh6 Qd5 29. f4 Ne4 30. Qd3 Qa2+ 31. Kc1 Nxc5 32. bxc5 Bc4 33. Rb6+ Ka7 34. Qe4
Rd5 35. Rd2 Qb3 36. Rb2 d3 37. Rxb3 dxe2 38. Nc3 Bxc5 39. Nxd5 Bxb3 40. Rxb5
Rc8 41. Qxh7+ Be7+ 42. Kd2 Rc2+ 43. Qxc2 1-0

[Event "Hamm- Linden"]
[Site "?"]
[Date "2024.02.18"]
[Round "6.3"]
[White "Kandyba, Andriy"]
[Black "Schlaap, Ralf"]
[Result "1/2-1/2"]
[WhiteElo "1984"]
[BlackElo "2097"]
[PlyCount "69"]
[SourceDate "2024.03.03"]

1. d4 c5 2. d5 e5 3. dxe6 fxe6 4. g3 Nf6 5. Bg2 d5 6. Nf3 Be7 7. c4 Nc6 8. O-O
O-O 9. b3 d4 10. Bf4 Bd6 11. Bg5 e5 12. Nbd2 Bd7 13. Ne4 Be7 14. Ne1 Qe8 15.
Nxf6+ Bxf6 16. Bxf6 Rxf6 17. Bd5+ Kh8 18. Nd3 Qe7 19. f3 Be8 20. a3 a5 21. Nf2
Nd8 22. Qd2 Rb6 23. Rfb1 Bf7 24. Ne4 h6 25. Rb2 Rba6 26. Rab1 Bxd5 27. cxd5 Rc8
28. Rc1 b6 29. Rbc2 Qd7 30. b4 axb4 31. axb4 Qxd5 32. Qd3 Ra2 33. Rxa2 Qxa2 34.
bxc5 Qd5 35. Qb5 1/2-1/2

[Event "Hamm- Linden"]
[Site "?"]
[Date "2024.02.18"]
[Round "6.4"]
[White "Voss, Hubertus"]
[Black "Schmidt, Ralph"]
[Result "1/2-1/2"]
[WhiteElo "2084"]
[BlackElo "1878"]
[PlyCount "30"]
[SourceDate "2024.03.03"]

1. e4 e5 2. Nf3 Nc6 3. d4 exd4 4. Bc4 Bc5 5. c3 Nf6 6. e5 d5 7. Bb5 Ne4 8. cxd4
Bb4+ 9. Bd2 Nxd2 10. Nbxd2 Bd7 11. Bxc6 Bxc6 12. O-O O-O 13. a3 Be7 14. Qe2 Bd7
15. Rac1 Re8 1/2-1/2

[Event "Hamm- Linden"]
[Site "?"]
[Date "2024.02.18"]
[Round "6.5"]
[White "Hochstein, Udo"]
[Black "Hufelschulte, Norbert"]
[Result "1/2-1/2"]
[WhiteElo "1849"]
[BlackElo "2009"]
[PlyCount "89"]
[SourceDate "2024.03.03"]

1. d4 Nf6 2. c4 g6 3. Nc3 d5 4. cxd5 Nxd5 5. e4 Nxc3 6. bxc3 Bg7 7. Nf3 O-O 8.
Rb1 c5 9. Qd2 Nc6 10. d5 Ne5 11. Nxe5 Bxe5 12. f4 Bg7 13. Be2 e6 14. O-O exd5
15. exd5 b6 16. c4 Bd4+ 17. Kh1 Bf5 18. Rb3 Be4 19. Bd3 Re8 20. Qd1 f5 21. Bb2
Qf6 22. Bxd4 Qxd4 23. Be2 Rac8 24. a4 Rc7 25. a5 bxa5 26. Ra3 Rce7 27. Qxd4
cxd4 28. Bd1 Rc7 29. d6 Rc5 30. Ba4 Rd8 31. d7 Bc6 32. Bxc6 Rxc6 33. Rxa5 Rxd7
34. c5 d3 35. Rd1 d2 36. Kg1 Rd5 37. Rxa7 Rcxc5 38. Kf2 Rc1 39. Ke2 Rxd1 40.
Kxd1 Rd4 41. g3 Rb4 42. Rc7 Rd4 43. Rc2 Kf7 44. Rxd2 Rxd2+ 45. Kxd2 1/2-1/2

[Event "Hamm- Linden"]
[Site "?"]
[Date "2024.02.18"]
[Round "6.6"]
[White "Brieger, Sebastian"]
[Black "Jedner, Volker"]
[Result "1-0"]
[WhiteElo "1919"]
[BlackElo "1778"]
[PlyCount "109"]
[SourceDate "2024.03.03"]

1. e4 d6 2. d4 Nf6 3. Nc3 g6 4. Be3 Bg7 5. Qd2 Ng4 6. Bg5 h6 7. Bh4 c6 8. O-O-O
b5 9. f3 Nf6 10. g4 Qa5 11. Kb1 b4 12. Nce2 Be6 13. Nc1 Nbd7 14. Be1 Rb8 15.
Nge2 g5 16. Ng3 Qc7 17. Nf5 Bxf5 18. gxf5 a5 19. h4 g4 20. Qg2 h5 21. Be2 Rg8
22. fxg4 hxg4 23. h5 Bh6 24. Bd2 Bxd2 25. Rxd2 c5 26. h6 cxd4 27. Bxg4 Ne5 28.
h7 Nxh7 29. Rxh7 Rxg4 30. Qe2 Kd7 31. Rxd4 a4 32. Qa6 Qc6 33. Qxc6+ Kxc6 34.
Rh1 Kc5 35. Rd5+ Kc6 36. Rd4 a3 37. Nd3 Nxd3 38. cxd3 axb2 39. Kxb2 Ra8 40.
Rc1+ Kb5 41. Rd5+ Kb6 42. f6 Rg2+ 43. Rc2 Rxc2+ 44. Kxc2 Kc6 45. fxe7 Re8 46.
Kb3 Rxe7 47. Kxb4 Rb7+ 48. Kc3 Ra7 49. Kb2 Rb7+ 50. Ka1 Ra7 51. Rd4 Kc5 52.
Rc4+ Kb5 53. Kb2 Kb6 54. Kb3 Rb7 55. Rb4+ 1-0

[Event "Hamm- Linden"]
[Site "?"]
[Date "2024.02.18"]
[Round "6.7"]
[White "Pappert, Thomas"]
[Black "Woertler, Lars- Erik"]
[Result "0-1"]
[WhiteElo "1748"]
[BlackElo "1914"]
[PlyCount "58"]
[SourceDate "2024.03.03"]

1. c4 e5 2. Nc3 Nc6 3. g3 g6 4. Bg2 Bg7 5. e3 Nge7 6. Nge2 d6 7. O-O O-O 8. b3
Rb8 9. Bb2 f5 10. d3 a6 11. Rc1 Bd7 12. Qd2 h6 13. f4 Kh7 14. Nd5 Be8 15. e4
Bd7 16. d4 fxe4 17. dxe5 dxe5 18. Bxe4 Bf5 19. Bg2 Qd6 20. Rcd1 Qc5+ 21. Kh1
Rbd8 22. Qc1 Nxd5 23. Bxd5 Rxd5 24. Nc3 Rxd1 25. Rxd1 Rd8 26. Re1 exf4 27. Qxf4
Nb4 28. Ne4 Bxe4+ 29. Rxe4 Bxb2 0-1

[Event "Hamm- Linden"]
[Site "?"]
[Date "2024.02.18"]
[Round "6.8"]
[White "Boelling, Andreas"]
[Black "Hansen, Friedhelm"]
[Result "1-0"]
[WhiteElo "1755"]
[BlackElo "1724"]
[PlyCount "87"]
[SourceDate "2024.03.03"]

1. e4 e5 2. Nf3 Nc6 3. Bc4 Be7 4. O-O Nf6 5. Re1 d6 6. h3 Be6 7. Bf1 h6 8. c3
Nh7 9. d4 Bd7 10. Na3 O-O 11. Nc4 b5 12. Ne3 a6 13. a4 Ng5 14. Nd5 Nxf3+ 15.
Qxf3 exd4 16. axb5 Ne5 17. Qg3 Ng6 18. Nxe7+ Qxe7 19. bxa6 dxc3 20. bxc3 Qh4
21. Qxh4 Nxh4 22. Be3 Ng6 23. Red1 Bc6 24. f3 Rfe8 25. Bf2 Ne7 26. c4 f5 27.
exf5 Nxf5 28. c5 d5 29. Bd3 g6 30. Re1 Kf7 31. g4 Ng7 32. Rxe8 Nxe8 33. Bg3 Ra7
34. Re1 Ng7 35. Kf2 Bd7 36. Rc1 Bc6 37. h4 Ne6 38. Be5 Nf8 39. h5 gxh5 40. gxh5
Nd7 41. Bd4 Nb8 42. Rg1 Nxa6 43. Ra1 Bb7 44. c6 1-0

[Event "Dortmunder SV - SV Bottrop"]
[Site "Dortmund"]
[Date "2024.02.18"]
[Round "6.1"]
[White "Ruhmann, Gabriel"]
[Black "Schulenburg, Pit"]
[Result "1/2-1/2"]
[WhiteElo "1878"]
[BlackElo "2009"]
[Annotator "Rnd./Pair./Board: 06.002.01"]
[PlyCount "55"]
[EventDate "2024.??.??"]
[SourceDate "2024.03.03"]
[WhiteTeam "SV Bottrop"]
[BlackTeam "Dortmunder SV"]

1. Nf3 d5 2. c4 d4 3. b4 f6 4. d3 e5 5. a3 a5 6. b5 Nd7 7. g3 a4 8. Bd2 Nc5 9.
Bb4 Nh6 10. Bg2 Bd6 11. Nfd2 O-O 12. Ne4 Qe7 13. Nxc5 Bxc5 14. Qd2 Ra7 15. Bxc5
Qxc5 16. Qb4 Qd6 17. Nd2 Be6 18. Ne4 Qxb4+ 19. axb4 b6 20. Ra3 Nf7 21. O-O f5
22. Nd2 e4 23. f4 Nd6 24. Rb1 Rfa8 25. Rba1 Kf8 26. Kf1 Ke7 27. Ke1 h6 28. h4 {
(=)} 1/2-1/2

[Event "Dortmunder SV - SV Bottrop"]
[Site "Dortmund"]
[Date "2024.02.18"]
[Round "6.2"]
[White "Mallee, Ralph"]
[Black "Stadtmann, Jens"]
[Result "1/2-1/2"]
[WhiteElo "2069"]
[BlackElo "2186"]
[Annotator "Rnd./Pair./Board: 06.002.02"]
[PlyCount "22"]
[EventDate "2024.??.??"]
[SourceDate "2024.03.03"]
[WhiteTeam "Dortmunder SV"]
[BlackTeam "SV Bottrop"]

1. e4 e6 2. d4 d5 3. Nd2 b6 4. exd5 exd5 5. Ngf3 Bd6 6. Bd3 Ne7 7. O-O O-O 8.
Re1 Bf5 9. Nf1 Nbc6 10. c3 Qd7 11. Ng3 Bxg3 1/2-1/2

[Event "Dortmunder SV - SV Bottrop"]
[Site "Dortmund"]
[Date "2024.02.18"]
[Round "6.4"]
[White "Zeldin, Vitali"]
[Black "Masberg, Stefan"]
[Result "1/2-1/2"]
[WhiteElo "1985"]
[BlackElo "1897"]
[Annotator "Rnd./Pair./Board: 06.002.04"]
[PlyCount "61"]
[EventDate "2024.??.??"]
[SourceDate "2024.03.03"]
[WhiteTeam "Dortmunder SV"]
[BlackTeam "SV Bottrop"]

1. e4 d6 2. d4 g6 3. Nc3 Bg7 4. Bg5 c6 5. Qd2 h6 6. Be3 Nf6 7. f3 b5 8. a3 a6
9. g4 Nbd7 10. Nge2 Bb7 11. h4 Nb6 12. Ng3 h5 13. g5 Nfd7 14. f4 Qc7 15. Rg1 d5
16. f5 e5 17. fxe6 fxe6 18. O-O-O O-O-O 19. b3 Qd6 20. Kb2 Rhf8 21. Nce2 e5 22.
c3 a5 23. Bh3 Kc7 24. Bxd7 Rxd7 25. c4 bxc4 26. Qxa5 Ra8 27. Qc5 cxb3 28. Qxd6+
Rxd6 29. Kxb3 Nc4 30. Bc1 Rdd8 31. dxe5 1/2-1/2

[Event "Dortmunder SV - SV Bottrop"]
[Site "Dortmund"]
[Date "2024.02.18"]
[Round "6.5"]
[White "Gierse, Heinz-Dieter"]
[Black "Meinschien, Finn"]
[Result "0-1"]
[WhiteElo "1908"]
[BlackElo "1916"]
[Annotator "Rnd./Pair./Board: 06.002.05"]
[PlyCount "40"]
[EventDate "2024.??.??"]
[SourceDate "2024.03.03"]
[WhiteTeam "SV Bottrop"]
[BlackTeam "Dortmunder SV"]

1. Nf3 Nf6 2. g3 g6 3. Bg2 Bg7 4. d3 O-O 5. O-O d6 6. e4 c5 7. Re1 Nc6 8. c3 e5
9. a3 b5 10. d4 cxd4 11. cxd4 exd4 12. Nxd4 Nxd4 13. Qxd4 Ng4 14. Qd3 Qb6 15.
Qe2 Bd4 16. Rf1 Be6 17. Nc3 Rac8 18. Nd5 Bxd5 19. exd5 Nxf2 20. Rxf2 Rfe8 0-1

[Event "Dortmunder SV - SV Bottrop"]
[Site "Dortmund"]
[Date "2024.02.18"]
[Round "6.6"]
[White "Brockmann, Fabian"]
[Black "Nowacki, Marcus"]
[Result "1-0"]
[WhiteElo "1957"]
[BlackElo "1842"]
[Annotator "Rnd./Pair./Board: 06.002.06"]
[PlyCount "51"]
[EventDate "2024.??.??"]
[SourceDate "2024.03.03"]
[WhiteTeam "Dortmunder SV"]
[BlackTeam "SV Bottrop"]

1. e4 d6 2. d4 Nf6 3. Nc3 Nbd7 4. g3 e5 5. Be3 c6 6. a4 Be7 7. Bg2 O-O 8. h3
Qb6 9. Nge2 Qc7 10. O-O Nb6 11. b3 Rd8 12. a5 Nbd7 13. f4 c5 14. fxe5 dxe5 15.
d5 a6 16. g4 Nf8 17. Ng3 Ne6 18. g5 Nxg5 19. Bxg5 Nxd5 20. Nxd5 Rxd5 21. exd5
Bxg5 22. d6 Qd8 23. Ne4 Be3+ 24. Kh1 Be6 25. Qd3 Bf4 26. Nxc5 1-0

[Event "Dortmunder SV - SV Bottrop"]
[Site "Dortmund"]
[Date "2024.02.18"]
[Round "6.7"]
[White "Hüstegge, Ulrich"]
[Black "Alarand, Beshr"]
[Result "0-1"]
[WhiteElo "1872"]
[BlackElo "1934"]
[Annotator "Rnd./Pair./Board: 06.002.07"]
[PlyCount "122"]
[EventDate "2024.??.??"]
[SourceDate "2024.03.03"]
[WhiteTeam "SV Bottrop"]
[BlackTeam "Dortmunder SV"]

1. c4 c5 2. Nc3 Nf6 3. e4 Nc6 4. g3 g6 5. Bg2 Bg7 6. Nge2 O-O 7. O-O d6 8. d3
Bg4 9. h3 Bxe2 10. Nxe2 Nd7 11. f4 Rb8 12. g4 Nd4 13. Be3 b5 14. Bxd4 Bxd4+ 15.
Nxd4 cxd4 16. b3 e5 17. Qd2 bxc4 18. dxc4 f6 19. f5 g5 20. h4 h6 21. hxg5 hxg5
22. Rf3 Qc7 23. Rh3 Kg7 24. Kf2 Rh8 25. Rah1 Rxh3 26. Rxh3 Rh8 27. Rxh8 Kxh8
28. Qd3 Qc5 29. Bf1 Qa3 30. Qd2 a5 31. Be2 Kg7 32. Bd1 Nc5 33. Bf3 Na6 34. Kg3
Nc5 35. Qh2 Qc1 36. Qh5 Qg1+ 37. Bg2 Nxe4+ 38. Kh3 Qe3+ 39. Kh2 Qf4+ 40. Kg1
Qf2+ 41. Kh2 d3 42. Qg6+ Kf8 43. Qh6+ Ke7 44. Qg7+ Kd8 45. Qf8+ Kc7 46. Qf7+
Kb6 47. c5+ Nxc5 48. Qd5 Qf4+ 49. Kg1 Qd4+ 50. Qxd4 exd4 51. Kf2 Nd7 52. Bf3
Ne5 53. Bd1 Kc5 54. a3 Kd5 55. Ke1 Ke4 56. Kd2 a4 57. b4 Nc4+ 58. Ke1 d2+ 59.
Kf2 Nxa3 60. Bxa4 d5 61. Bd1 Nb5 0-1

[Event "Dortmunder SV - SV Bottrop"]
[Site "Dortmund"]
[Date "2024.02.18"]
[Round "6.8"]
[White "Wolff, Torsten"]
[Black "Liebig, Martin"]
[Result "1/2-1/2"]
[WhiteElo "1855"]
[BlackElo "1635"]
[Annotator "Rnd./Pair./Board: 06.002.08"]
[PlyCount "28"]
[EventDate "2024.??.??"]
[SourceDate "2024.03.03"]
[WhiteTeam "Dortmunder SV"]
[BlackTeam "SV Bottrop"]

1. d4 d5 2. Nf3 Nf6 3. e3 Bf5 4. Bd3 Bg6 5. c4 c6 6. O-O e6 7. Qe2 Bxd3 8. Qxd3
Ne4 9. Nfd2 Nxd2 10. Nxd2 Nd7 11. f3 Be7 12. e4 O-O 13. b3 Qa5 14. Bb2 Rac8 {
(=)} 1/2-1/2

[Event "SV Bönen 1 - SC Buer-Hassel 1"]
[Site "?"]
[Date "2024.02.18"]
[Round "6.3"]
[White "Hammerich, Simon"]
[Black "Merz, Martin"]
[Result "1/2-1/2"]
[WhiteElo "2034"]
[BlackElo "1944"]
[PlyCount "52"]
[SourceDate "2024.03.03"]
[WhiteTeam "SC Buer-Hassel 1"]
[BlackTeam "SV BÃ¶nen 1"]

1. e4 c5 2. Nf3 d6 3. d4 cxd4 4. Nxd4 Nf6 5. Nc3 a6 6. Be2 e5 7. Nb3 Be7 8. Be3
Qc7 9. O-O O-O 10. a4 Nbd7 11. a5 b5 12. axb6 Nxb6 13. Na4 Nxa4 14. Rxa4 Be6
15. Nd2 Rfc8 16. Rxa6 d5 17. Rxa8 Rxa8 18. exd5 Nxd5 19. Nc4 Ra4 20. b3 Nc3 21.
Qd2 Nxe2+ 22. Qxe2 Bxc4 23. bxc4 Rxc4 24. h3 g6 25. Bh6 Rxc2 26. Qb5 Bf8
1/2-1/2

[Event "SV Bönen 1 - SC Buer-Hassel 1"]
[Site "?"]
[Date "2024.02.18"]
[Round "6.4"]
[White "Fuest, Torsten"]
[Black "Wiechen, Ulrich"]
[Result "0-1"]
[WhiteElo "1907"]
[BlackElo "1923"]
[PlyCount "70"]
[SourceDate "2024.03.03"]
[WhiteTeam "SV BÃ¶nen 1"]
[BlackTeam "SC Buer-Hassel 1"]

1. d4 d5 2. Bf4 Nf6 3. e3 Bf5 4. Nf3 e6 5. a3 Be7 6. c4 O-O 7. Nc3 c6 8. Bd3
dxc4 9. Bxc4 Nbd7 10. O-O Re8 11. Ne5 Nxe5 12. Bxe5 Ng4 13. Bg3 h5 14. e4 Bg6
15. h3 Nh6 16. Qd2 Bh4 17. Bf4 e5 18. dxe5 Qxd2 19. Bxd2 Rxe5 20. g3 Bd8 21. f4
Bb6+ 22. Kg2 Rxe4 23. Nxe4 Bxe4+ 24. Kh2 Kh7 25. Bxf7 Nxf7 26. Rfe1 Bd5 27. Re7
Bf2 28. Rf1 Bd4 29. Rxb7 Nd6 30. Rd7 Ne4 31. Bc1 Re8 32. Re1 Bf2 33. Rd1 Nf6
34. Rb7 Re2 35. Rd2 Re1 0-1

[Event "SV Bönen 1 - SC Buer-Hassel 1"]
[Site "?"]
[Date "2024.02.18"]
[Round "6.5"]
[White "Winzbeck, Frank"]
[Black "Helmert, Jochen"]
[Result "1/2-1/2"]
[WhiteElo "1850"]
[BlackElo "1940"]
[PlyCount "45"]
[SourceDate "2024.03.03"]
[WhiteTeam "SC Buer-Hassel 1"]
[BlackTeam "SV BÃ¶nen 1"]

1. d4 Nf6 2. c4 e6 3. Nf3 Bb4+ 4. Bd2 Qe7 5. Qc2 Bxd2+ 6. Nbxd2 d6 7. e4 e5 8.
d5 a5 9. a3 O-O 10. g3 Bg4 11. Bg2 Na6 12. O-O Rac8 13. Rab1 c6 14. Qd3 Nc5 15.
Qe3 a4 16. b4 axb3 17. Nxb3 Ncxe4 18. Nh4 Nc5 19. Nxc5 dxc5 20. dxc6 bxc6 21.
h3 Bd7 22. Rfe1 Rfe8 23. Rb7 1/2-1/2

[Event "SV Bönen 1 - SC Buer-Hassel 1"]
[Site "?"]
[Date "2024.02.18"]
[Round "6.6"]
[White "Wegner, Stephan"]
[Black "Hirschberg, Markus"]
[Result "1-0"]
[WhiteElo "1823"]
[BlackElo "1832"]
[PlyCount "67"]
[SourceDate "2024.03.03"]
[WhiteTeam "SV BÃ¶nen 1"]
[BlackTeam "SC Buer-Hassel 1"]

1. e4 e6 2. d4 d5 3. Nc3 Bb4 4. e5 c5 5. a3 Bxc3+ 6. bxc3 Ne7 7. Qg4 Qc7 8.
Qxg7 Rg8 9. Qxh7 cxd4 10. Ne2 Nbc6 11. f4 Bd7 12. h4 O-O-O 13. Qd3 dxc3 14. h5
Nf5 15. Qxc3 Ncd4 16. Qxc7+ Kxc7 17. Nxd4 Nxd4 18. Ra2 Ba4 19. Kf2 Nf5 20. Rh3
Nh6 21. Be2 d4 22. Bf3 d3 23. cxd3 Rxd3 24. Rb2 b6 25. Rd2 Bb5 26. Rc2+ Kd8 27.
g4 Ba4 28. Rd2 Rxd2+ 29. Bxd2 Nxg4+ 30. Bxg4 Rxg4 31. h6 Rg8 32. h7 Rh8 33. f5
Bc2 34. Bg5+ 1-0

[Event "SV Bönen 1 - SC Buer-Hassel 1"]
[Site "?"]
[Date "2024.02.18"]
[Round "6.7"]
[White "Gill, Stephan"]
[Black "Lenz, Guntram"]
[Result "1-0"]
[WhiteElo "1823"]
[BlackElo "1833"]
[PlyCount "89"]
[SourceDate "2024.03.03"]
[WhiteTeam "SC Buer-Hassel 1"]
[BlackTeam "SV BÃ¶nen 1"]

1. d4 d5 2. Nf3 Nf6 3. Bg5 Ne4 4. Bh4 c6 5. Nbd2 Bf5 6. e3 Nd7 7. Bd3 Qc7 8.
Bxe4 dxe4 9. Bg3 Qa5 10. Ne5 Nxe5 11. Bxe5 f6 12. Bg3 Rd8 13. O-O e6 14. c3 Bg6
15. Qb3 Qd5 16. Qxb7 Qd7 17. Qa6 h5 18. h4 Be7 19. b4 Bf5 20. Rab1 g5 21. b5 c5
22. b6 axb6 23. Rxb6 e5 24. Nb3 gxh4 25. Bxh4 Rg8 26. Kh2 Rg4 27. g3 Rxh4+ 28.
gxh4 Bg4 29. Rb7 Qf5 30. Qc4 Kf8 31. Rxe7 Kxe7 32. Qxc5+ Kf7 33. dxe5 Qf3 34.
exf6 Qh3+ 35. Kg1 Rd7 36. Qe5 Bf3 37. Qh2 Qg4+ 38. Qg3 Kxf6 39. Qxg4 hxg4 40.
Kh2 Rd3 41. Rc1 Ke5 42. c4 Kd6 43. c5+ Kc7 44. Kg3 Rd5 45. Nd4 1-0

[Event "SV Bönen 1 - SC Buer-Hassel 1"]
[Site "?"]
[Date "2024.02.18"]
[Round "6.8"]
[White "Schütz, Ralf"]
[Black "Czilwik, Frank"]
[Result "0-1"]
[WhiteElo "1756"]
[BlackElo "1691"]
[PlyCount "62"]
[SourceDate "2024.03.03"]
[WhiteTeam "SV BÃ¶nen 1"]
[BlackTeam "SC Buer-Hassel 1"]

1. e4 Nf6 2. e5 Nd5 3. d4 d6 4. Nf3 g6 5. c4 Nb6 6. Bf4 Bg7 7. Qd2 Nc6 8. Bh6
O-O 9. h4 dxe5 10. Bxg7 Kxg7 11. h5 Rh8 12. d5 Nd4 13. Nxe5 c5 14. dxc6 bxc6
15. h6+ Kf8 16. Na3 Qd6 17. Nd3 Qe6+ 18. Qe3 Nxc4 19. Qxe6 Bxe6 20. O-O-O Nxa3
21. Nc5 Nab5 22. a4 Nb3+ 23. Nxb3 Bxb3 24. Rd3 Bc4 25. Rd7 Be6 26. Rd3 Nd6 27.
Re3 Rb8 28. Rh4 Nf5 29. Rxe6 fxe6 30. Rc4 Kf7 31. g4 Nxh6 0-1

[Event "Borbeck- Kirchhellen"]
[Site "?"]
[Date "2024.02.18"]
[Round "6.1"]
[White "Hoffterheide, Thomas"]
[Black "Loyen, Egbert"]
[Result "1/2-1/2"]
[WhiteElo "1982"]
[BlackElo "2119"]
[Annotator "daniel"]
[PlyCount "81"]
[SourceDate "2024.03.03"]

1. e4 c5 2. Nf3 e6 3. d4 cxd4 4. Nxd4 Nc6 5. Nc3 Qc7 6. Be2 a6 7. O-O Nf6 8. a3
Be7 9. Kh1 b5 10. f4 Nxd4 11. Qxd4 Bc5 12. Qd3 Bb7 13. e5 Nd5 14. Ne4 Be7 15.
Bd2 f5 16. exf6 Nxf6 17. Nxf6+ Bxf6 18. Bb4 d5 19. Qe3 Kf7 20. Rae1 Rae8 21. c3
h5 22. Bc5 Kg8 23. Bd4 Qf7 $11 24. Bd3 Rh6 25. Be5 h4 26. h3 Bc8 27. Qd4 Rd8
28. Re3 Qf8 29. Ref3 Qe7 30. a4 Bd7 31. Qb6 bxa4 32. Bxa6 Qe8 33. Qd4 Bb5 34.
Bxb5 Qxb5 35. R1f2 Rf8 36. f5 Bxe5 37. Qxe5 exf5 38. Rxf5 Rxf5 39. Rxf5 Rb6 40.
Qe7 Rf6 41. Rxf6 1/2-1/2

[Event "Borbeck- Kirchhellen"]
[Site "?"]
[Date "2024.02.18"]
[Round "6.2"]
[White "Hillenbrand, Michael"]
[Black "Schlueter, Christoph"]
[Result "1/2-1/2"]
[WhiteElo "2095"]
[BlackElo "1956"]
[PlyCount "30"]
[SourceDate "2024.03.03"]

1. c4 e5 2. Nc3 Nf6 3. g3 h6 4. Bg2 Bb4 5. Qc2 O-O 6. e3 Re8 7. Nge2 c6 8. O-O
d5 9. cxd5 cxd5 10. d4 e4 11. Bd2 Nc6 12. a3 Bd6 13. b4 Bf5 14. Qb3 Ne7 15.
Rac1 Qd7 1/2-1/2

[Event "Borbeck- Kirchhellen"]
[Site "?"]
[Date "2024.02.18"]
[Round "6.3"]
[White "Sinnwell, Horst"]
[Black "Klasmeier, Jens"]
[Result "1/2-1/2"]
[WhiteElo "1979"]
[BlackElo "2048"]
[PlyCount "110"]
[SourceDate "2024.03.03"]

1. Nf3 f5 2. c4 e6 3. Nc3 Nf6 4. Qc2 Bb4 5. b3 Bxc3 6. Qxc3 d6 7. Bb2 b6 8. e3
Bb7 9. Be2 Qe7 10. O-O O-O 11. d3 Nbd7 12. b4 a5 13. a3 c5 14. bxc5 Nxc5 15.
Nd4 Nfd7 16. Bf3 Ne5 17. Bxb7 Qxb7 18. Rfd1 f4 19. Nb5 Na4 20. Nxd6 Nxc3 21.
Nxb7 Ne2+ 22. Kf1 fxe3 23. Kxe2 Rxf2+ 24. Kxe3 Rxb2 25. Rab1 Rxg2 26. Rxb6 Rxh2
27. Rxe6 Rh5 28. Nd6 Rf8 29. Kd4 Nd7 30. Rde1 h6 31. Re8 Rxe8 32. Rxe8+ Kh7 33.
Ne4 Rh1 34. Re7 Nb8 35. Rb7 Na6 36. c5 Rc1 37. Kd5 h5 38. d4 h4 39. c6 Kg6 40.
Nc5 Nxc5 41. dxc5 Rd1+ 42. Ke6 Rc1 43. Kd6 Rd1+ 44. Ke7 Re1+ 45. Kd6 Rd1+ 46.
Ke5 Rc1 47. Rb5 h3 48. c7 h2 49. c8=Q Re1+ 50. Kf4 Rf1+ 51. Kg3 h1=Q 52. Qg4+
Kh7 53. Qh4+ Qxh4+ 54. Kxh4 a4 55. Rb4 Rc1 1/2-1/2

[Event "Borbeck- Kirchhellen"]
[Site "?"]
[Date "2024.02.18"]
[Round "6.4"]
[White "Dewenter, Ulf"]
[Black "Schueppel, Werner"]
[Result "0-1"]
[WhiteElo "2054"]
[BlackElo "1915"]
[Annotator "daniel"]
[PlyCount "156"]
[SourceDate "2024.03.03"]

1. e4 g6 2. Nc3 Bg7 3. f4 d6 4. Nf3 Nd7 5. d4 c5 6. Be2 cxd4 7. Nxd4 Ngf6 8.
O-O O-O 9. Kh1 a6 10. Be3 Qc7 11. Bf3 Nb6 12. f5 Nc4 13. Bc1 Ne5 14. Bg5 e6 15.
fxe6 fxe6 16. Qe2 Bd7 17. Rad1 b5 18. Nb1 Rac8 19. c3 Rf7 20. b3 Rcf8 21. Rfe1
h5 22. Be3 Nfg4 23. Bg1 Bh6 24. Bxg4 hxg4 25. Rf1 $11 Bc8 26. Rxf7 Qxf7 27. Nd2
Bf4 28. c4 Qh7 29. Nf1 Bxh2 30. Nxh2 g3 31. Ndf3 Nxf3 32. gxf3 e5 33. Qg2 Qh4
34. Rxd6 Kg7 35. Bf2 Rxf3 36. Bxg3 Rxg3 37. Qe2 Bh3 38. Rxa6 Bg2+ 39. Qxg2 Rxg2
40. Kxg2 Qxe4+ 41. Kf2 Qf4+ 42. Kg2 bxc4 43. bxc4 e4 44. Ra7+ Kf6 45. Ra3 Qd2+
46. Kh3 Kf5 47. Nf1 Qh6+ 48. Kg2 Qc1 49. Re3 Qc2+ 50. Kh3 Kf4 51. Rg3 Qxc4 52.
Rg4+ Ke5 53. Ng3 Qxa2 54. Rxe4+ Kf6 55. Rf4+ Kg7 56. Ne4 Qe6+ 57. Kg3 Qe5 58.
Kf3 Qh5+ 59. Kg3 Qe2 60. Rg4 Qe3+ 61. Kg2 Kf7 62. Nf2 Kf6 63. Re4 Qd2 64. Rg4
Kf5 65. Rg3 g5 66. Rf3+ Kg6 67. Rd3 Qb4 68. Rg3 Qe1 69. Nh3 Qe4+ 70. Kh2 Qe2+
71. Rg2 Qe5+ 72. Kg1 Qe3+ 73. Kh2 Qe5+ 74. Kg1 Qd4+ 75. Kh2 g4 76. Nf2 Qf4+ 77.
Kh1 g3 78. Nd1 Qf1+ 0-1